[Event "Bogota Mila Memorial op"]
[Site "Bogota"]
[Date "2009.04.??"]
[Round "1"]
[White "Mosquera Klinger, Miguel Alonso"]
[Black "Velasquez, Joaquin"]
[Result "1-0"]
[WhiteElo "2393"]
[BlackElo "2120"]
[PlyCount "41"]
[EventDate "2009.04.??"]
[EventType "swiss"]
[EventRounds "9"]
[EventCountry "COL"]
[SourceTitle "EXT 2014"]
[Source "ChessBase"]
[SourceDate "2013.11.20"]
[SourceVersion "1"]
[SourceVersionDate "2013.11.20"]
[SourceQuality "1"]

1. e4 e5 2. Nf3 Nc6 3. Bb5 a6 4. Ba4 Bc5 5. 0-0 Nge7 6. Nxe5 Nxe5 7. d4 Bxd4 8. Qxd4 N5c6 9. Qxg7 Rg8 10. Qxh7 d5 11. Nc3 Be6 12. Rd1 Qd6 13. Nxd5 Bxd5 14. Rxd5 Qb4 15. Bxc6+ bxc6 16. c3 Qc4 17. Rd1 Rb8 18. Bf4 f5 19. Rd4 Qe6 20. Bxc7 Rc8 21. Rad1 1-0

[Event "Bogota Mila Memorial op"]
[Site "Bogota"]
[Date "2009.04.??"]
[Round "6"]
[White "Velasquez, Joaquin"]
[Black "Torres, Juan Camilo"]
[Result "0-1"]
[WhiteElo "2120"]
[BlackElo "2155"]
[PlyCount "120"]
[EventDate "2009.04.??"]
[EventType "swiss"]
[EventRounds "9"]
[EventCountry "COL"]
[SourceTitle "EXT 2014"]
[Source "ChessBase"]
[SourceDate "2013.11.20"]
[SourceVersion "1"]
[SourceVersionDate "2013.11.20"]
[SourceQuality "1"]

1. d4 d5 2. Nf3 c6 3. c4 Nf6 4. Nc3 dxc4 5. a4 Bf5 6. e3 e6 7. Bxc4 Bb4 8. Bd3 0-0 9. Bxf5 exf5 10. 0-0 Qe7 11. Nh4 g6 12. Nf3 Nbd7 13. Qc2 Ne4 14. a5 a6 15. Qb3 Ndf6 16. Ra4 Bd6 17. h3 Kh8 18. Qc2 g5 19. Ne5 Rg8 20. f3 Ng3 21. Rd1 Rad8 22. Qf2 Bxe5 23. dxe5 Rxd1+ 24. Nxd1 Qxe5 25. Nc3 c5 26. f4 gxf4 27. exf4 Qd6 28. Qf3 Nfe4 29. Be3 Nxc3 30. bxc3 Ne4 31. Rxe4 fxe4 32. Qxe4 Qc6 33. Qxc6 bxc6 34. Bxc5 Kg7 35. g4 Kf6 36. Kf2 Ke6 37. c4 Rd8 38. Ke2 Kd7 39. f5 Re8+ 40. Be3 Kd6 41. Kd3 Ke5 42. Bb6 Re7 43. Ke3 Rd7 44. h4 Rd1 45. Bc7+ Kf6 46. Bf4 Rg1 47. Kf3 Ra1 48. Ke4 Rxa5 49. g5+ Ke7 50. Bd2 Ra4 51. Kd4 Kd7 52. h5 Ra2 53. Kd3 Ra1 54. h6 Rg1 55. Ke4 Rg2 56. Be3 a5 57. Bf4 a4 58. Kf3 Rg1 59. Be3 Rh1 60. Bc5 a3 0-1